[Event "C.to Provinciale NA"]
[Site "Napoli ITA"]
[Date "2012.01.26"]
[Round "6"]
[White "Buiano, Fabio"]
[Black "Messina, Enrico"]
[Result "1-0"]
[WhiteElo "2036"]
[BlackElo "2125"]
[PlyCount "119"]
[EventDate "2011.12.15"]

1. e4 g6 2. d4 Bg7 3. Nc3 c5 4. d5 d6 5. Nf3 Nf6 6. Be2 O-O 7. O-O Na6 8. Nd2
Nc7 9. f4 e6 10. Bf3 exd5 11. exd5 b5 12. Re1 Bb7 13. Nde4 Nfxd5 14. Nxd5 Bxd5
15. c3 Re8 16. Bd2 Rb8 17. Qc2 f5 18. Ng5 Bxf3 19. Nxf3 Qf6 20. Qd3 h6 21. Rad1
Rbd8 22. Be3 Kh7 23. Bf2 Rxe1+ 24. Rxe1 a6 25. Bh4 Qf8 26. Bxd8 Qxd8 27. h3 Qf6
28. g3 Bf8 29. Kg2 Qf7 30. b3 Nd5 31. c4 Nb4 32. Qe2 bxc4 33. bxc4 Bg7 34. h4
d5 35. Ne5 Bxe5 36. fxe5 Qe6 37. Qf3 dxc4 38. Qb7+ Kg8 39. Rc1 Nd3 40. Rb1 Nxe5
41. Rb6 Qe8 42. Qd5+ Nf7 43. Rxg6+ Kh7 44. Re6 Qa4 45. Qxf5+ Kg7 46. Qg6+ Kf8
47. Rxa6 Qd7 48. Ra8+ Ke7 49. Qe4+ Kf6 50. Ra6+ Kg7 51. Qxc4 Qd2+ 52. Kh3 h5
53. Qe6 Qd1 54. Qg6+ Kf8 55. Ra8+ Nd8 56. Qf6+ Ke8 57. Qe6+ Kf8 58. Qf5+ Ke8
59. Qe5+ Kd7 60. Ra7+ 1-0

[Event "C.to Provinciale NA"]
[Site "Napoli ITA"]
[Date "2012.01.26"]
[Round "6"]
[White "Caiazzo, Diego"]
[Black "Taurisano, Vincenzo"]
[Result "1-0"]
[WhiteElo "1856"]
[BlackElo "1898"]
[PlyCount "55"]
[EventDate "2011.12.15"]

1. Nf3 d5 2. b3 Nf6 3. Bb2 c5 4. e3 Nc6 5. Be2 e6 6. O-O Be7 7. d4 O-O 8. c4 b6
9. Nc3 Bb7 10. cxd5 exd5 11. Rc1 Rc8 12. Na4 Ne4 13. dxc5 bxc5 14. Nd2 Nb4 15.
a3 Na6 16. Nxe4 dxe4 17. Qxd8 Rfxd8 18. Rfd1 Kf8 19. Kf1 f6 20. Ke1 Rxd1+ 21.
Rxd1 Nc7 22. Nc3 Ke8 23. Bg4 Rd8 24. Rxd8+ Kxd8 25. Bf5 g6 26. Bxe4 Bxe4 27.
Nxe4 Kd7 28. Nxf6+ 1-0

[Event "C.to Provinciale NA"]
[Site "Napoli ITA"]
[Date "2012.01.26"]
[Round "6"]
[White "De Rosa, Francesco"]
[Black "Avolio, Giovanni"]
[Result "1-0"]
[WhiteElo "1968"]
[BlackElo "1879"]
[PlyCount "64"]
[EventDate "2011.12.15"]

1. d4 Nf6 2. c4 g6 3. Nc3 Bg7 4. e4 d6 5. Be2 O-O 6. Nf3 e5 7. O-O Nc6 8. d5
Ne7 9. b4 Nd7 10. Be3 f5 11. Ng5 Nf6 12. f3 f4 13. Bf2 Nh5 14. c5 Bf6 15. Ne6
Bxe6 16. dxe6 dxc5 17. Bxc5 b6 18. Bf2 c6 19. Qb3 Qc7 20. Rfd1 Rfd8 21. Rd7
Rxd7 22. exd7+ Kh8 23. Qe6 Rf8 24. Rd1 Qd8 25. a4 Ng7 26. Qd6 g5 27. a5 c5 28.
bxc5 bxc5 29. Qxc5 Ne6 30. Qxa7 Nc6 31. Qb6 Ncd4 32. Bxd4 Nxd4 1-0

[Event "C.to Provinciale NA"]
[Site "Napoli ITA"]
[Date "2012.01.26"]
[Round "6"]
[White "Di Gennaro, Antonio"]
[Black "Accardo, Francesco"]
[Result "0-1"]
[WhiteElo "1674"]
[BlackElo "1855"]
[PlyCount "68"]
[EventDate "2011.12.15"]

1. e4 a6 2. d4 b5 3. Nf3 Bb7 4. Bd3 Nf6 5. Qe2 d6 6. O-O Nbd7 7. c3 e6 8. Nbd2
Be7 9. Re1 Nh5 10. Nf1 g6 11. Bd2 h6 12. h3 Ng7 13. N1h2 h5 14. b4 Nb6 15. a3
Na4 16. Rab1 O-O 17. c4 c6 18. c5 e5 19. cxd6 Bxd6 20. dxe5 Be7 21. Bc2 Nb6 22.
Bb3 Ne6 23. Bxe6 fxe6 24. Red1 Qc7 25. Bc1 Nc4 26. Bb2 Rf7 27. g4 Raf8 28. Rd3
c5 29. bxc5 Rf4 30. Qd1 Bxc5 31. Bc1 R4f7 32. Bb2 Bxe4 33. Rc3 Qb6 34. Rc2 Qb7
0-1

[Event "C.to Provinciale NA"]
[Site "Napoli ITA"]
[Date "2012.01.26"]
[Round "6"]
[White "Esposito, Luca"]
[Black "Esposito, Rosario"]
[Result "1-0"]
[WhiteElo "2234"]
[BlackElo "1859"]
[PlyCount "63"]
[EventDate "2011.12.15"]

1. d4 Nf6 2. Nf3 g6 3. c4 Bg7 4. g3 c6 5. Bg2 d5 6. b3 O-O 7. O-O dxc4 8. bxc4
Nbd7 9. Bb2 Nb6 10. Nbd2 Be6 11. Qc2 Qc7 12. e4 Rac8 13. c5 Na8 14. h3 Qb8 15.
a4 Nc7 16. Bc3 Rcd8 17. Rfb1 Nfe8 18. Rb2 Bc8 19. Nc4 Ne6 20. Rd1 N8c7 21. Nfe5
Qa8 22. f4 f6 23. Nf3 Rd7 24. Ne3 Rfd8 25. Qb3 Kh8 26. Rbd2 Qb8 27. h4 Qa8 28.
Bh3 Nxc5 29. Qc2 N5e6 30. d5 cxd5 31. exd5 Rxd5 32. Nxd5 1-0

[Event "C.to Provinciale NA"]
[Site "Napoli ITA"]
[Date "2012.01.26"]
[Round "6"]
[White "La Sala, Alberto"]
[Black "Caporali, Dante"]
[Result "1-0"]
[WhiteElo "2023"]
[BlackElo "1577"]
[PlyCount "169"]
[EventDate "2011.12.15"]

1. e4 e6 2. d4 d5 3. Nd2 Nf6 4. Bd3 c5 5. c3 Nc6 6. Ngf3 Qb6 7. O-O Be7 8. Qc2
h6 9. dxc5 Bxc5 10. Nb3 Be7 11. e5 Nd7 12. Re1 Nc5 13. Be3 a5 14. Rad1 a4 15.
Nbd4 Qd8 16. Bb5 Bd7 17. c4 Nxd4 18. Nxd4 Bxb5 19. Nxb5 Rc8 20. cxd5 exd5 21.
Nd6+ Bxd6 22. exd6 Ne6 23. Qxa4+ Qd7 24. Qb3 O-O 25. Rxd5 Rfe8 26. Red1 Kf8 27.
Qd3 Kg8 28. h4 Nd8 29. Qf5 Ne6 30. R1d4 Rcd8 31. Rg4 Kh8 32. Bb6 Ra8 33. Bd4
Rg8 34. Bf6 gxf6 35. Qxf6+ Kh7 36. Rh5 Rg6 37. Rxg6 fxg6 38. Re5 Re8 39. h5
gxh5 40. Qf5+ Kg7 41. Qxh5 Qf7 42. Qg4+ Kh7 43. Qe4+ Kg7 44. Rf5 Qg6 45. Qxb7+
Kg8 46. Rf3 Kh8 47. a4 Ng5 48. d7 Nxf3+ 49. Qxf3 Rd8 50. Qb7 Qd6 51. b4 Rxd7
52. Qc8+ Kg7 53. Qc3+ Qf6 54. Qg3+ Kf7 55. Qg4 Qe6 56. Qh5+ Kg7 57. b5 Rd5 58.
Qf3 Qe5 59. g3 Qf5 60. Qc3+ Qe5 61. Qf3 Qa1+ 62. Kg2 Rd1 63. Qg4+ Kh7 64. Qe4+
Kg7 65. b6 Qd4 66. Qe7+ Kg6 67. Qe8+ Kf6 68. Qh8+ Kg5 69. Qg8+ Kf6 70. Qh8+ Kf7
71. Qh7+ Qg7 72. Qf5+ Kg8 73. Qc8+ Kh7 74. Qc2+ Kh8 75. Qxd1 Qb7+ 76. Qf3 Qxb6
77. Qf8+ Kh7 78. Qf5+ Kg7 79. a5 Qc6+ 80. f3 Qa6 81. Qe5+ Kf7 82. Kh3 Qf1+ 83.
Kg4 Qc4+ 84. Qe4 Qc7 85. Qf4+ 1-0

[Event "C.to Provinciale NA"]
[Site "Napoli ITA"]
[Date "2012.01.26"]
[Round "6"]
[White "Miccoli, Livio"]
[Black "Solombrino, Giovanni"]
[Result "1/2-1/2"]
[WhiteElo "1670"]
[BlackElo "1850"]
[PlyCount "49"]
[EventDate "2011.12.15"]

1. e4 c5 2. Nc3 Nc6 3. g3 g6 4. Bg2 Bg7 5. Nge2 Nf6 6. O-O O-O 7. d3 d6 8. Be3
Rb8 9. h3 b6 10. Qd2 Bb7 11. Bh6 e6 12. Bxg7 Kxg7 13. f4 d5 14. e5 Nd7 15. Nb5
f6 16. d4 a6 17. Nd6 cxd4 18. Nxd4 Nxd4 19. Qxd4 Qc7 20. Rae1 fxe5 21. Rxe5
Nxe5 22. Qxe5+ Kg8 23. Qxe6+ Kh8 24. Re1 Qg7 25. c4 1/2-1/2

[Event "C.to Provinciale NA"]
[Site "Napoli ITA"]
[Date "2012.01.26"]
[Round "6"]
[White "Schiappoli, Dario"]
[Black "Supino, Domenico"]
[Result "0-1"]
[WhiteElo "1942"]
[BlackElo "2097"]
[PlyCount "68"]
[EventDate "2011.12.15"]

1. e4 c5 2. Nf3 Nc6 3. d4 cxd4 4. Nxd4 g6 5. Be3 Bg7 6. Nc3 Nf6 7. Nxc6 bxc6 8.
e5 Ng8 9. e6 fxe6 10. Bd3 Nf6 11. h4 Qa5 12. Bd2 Qe5+ 13. Kf1 Rb8 14. Qf3 Qh5
15. Qg3 d6 16. Be2 Qf5 17. Bd3 Qg4 18. Qe3 Nd5 19. Nxd5 exd5 20. Re1 e5 21. f3
O-O 22. h5 e4 23. hxg6 exf3 24. g3 Qxg3 25. gxh7+ Kh8 26. Qg1 Bh3+ 27. Rxh3
Qxh3+ 28. Kf2 Rbe8 29. Qxg7+ Kxg7 30. Bc3+ Kf7 31. Rg1 d4 32. Bg6+ Ke7 33. Bd2
Qh2+ 34. Kf1 Qe2# 0-1

[Event "C.to Provinciale NA"]
[Site "Napoli ITA"]
[Date "2012.01.26"]
[Round "6"]
[White "Somma, Andrea"]
[Black "Esposito, Pino"]
[Result "1-0"]
[WhiteElo "1771"]
[BlackElo "1842"]
[PlyCount "43"]
[EventDate "2011.12.15"]

1. e4 c5 2. Nf3 d6 3. d4 cxd4 4. Nxd4 Nf6 5. Nc3 a6 6. Bc4 e6 7. Bb3 Be7 8. Be3
Qc7 9. f4 Bd7 10. Qf3 Nc6 11. O-O-O b5 12. e5 Ng8 13. exd6 Bxd6 14. Ndxb5 axb5
15. Nxb5 Qa5 16. Nxd6+ Ke7 17. Nb7 Qc7 18. Bc5+ Kf6 19. Nd6 h5 20. g4 g6 21.
Qc3+ e5 22. fxe5+ 1-0

[Event "C.to Provinciale NA"]
[Site "Napoli ITA"]
[Date "2012.01.26"]
[Round "6"]
[White "Vannini, Aldo"]
[Black "Zinnai, Graziano Matteo"]
[Result "0-1"]
[WhiteElo "1792"]
[BlackElo "1937"]
[PlyCount "100"]
[EventDate "2011.12.15"]

1. d4 e6 2. Bf4 d5 3. e3 c5 4. c3 Nc6 5. Nf3 Nf6 6. Bd3 Be7 7. Nbd2 cxd4 8.
exd4 O-O 9. Ne5 Nxe5 10. dxe5 Nd7 11. h4 f6 12. Qh5 f5 13. Qe2 Nc5 14. Nf3
Nxd3+ 15. Qxd3 Qb6 16. Qd2 Bd7 17. O-O Qd8 18. Bg5 Bxg5 19. Qxg5 Qxg5 20. Nxg5
h6 21. Nf3 Kf7 22. Rad1 Rg8 23. Rd4 Rac8 24. Rfd1 Bb5 25. Rb4 Ba6 26. Rd2 g5
27. Nd4 Rc4 28. Rxc4 Bxc4 29. f3 f4 30. hxg5 Rxg5 31. b3 Ba6 32. Ne2 Bxe2 33.
Rxe2 h5 34. Kf2 b5 35. Ke1 Kg6 36. Kd2 Kf5 37. Kd3 Rg8 38. Kd4 Rc8 39. a3 a5
40. Kd3 a4 41. b4 h4 42. Re1 Rg8 43. Re2 h3 44. gxh3 Rg3 45. Rf2 Kxe5 46. h4
Rh3 47. h5 Rxh5 48. Ke2 Rh1 49. Rf1 Rxf1 50. Kxf1 d4 0-1

[Event "C.to Provinciale NA"]
[Site "Napoli ITA"]
[Date "2012.02.02"]
[Round "7"]
[White "Accardo, Francesco"]
[Black "Vannini, Aldo"]
[Result "1-0"]
[WhiteElo "1855"]
[BlackElo "1792"]
[PlyCount "42"]
[EventDate "2011.12.15"]

1. g4 d5 2. Bg2 c6 3. a3 h6 4. b4 Nf6 5. a4 e6 6. c3 Bd6 7. Na3 Nbd7 8. Qb3 Rb8
9. Nf3 c5 10. b5 b6 11. d3 Bb7 12. Bd2 Qc7 13. c4 Ne5 14. a5 Nxf3+ 15. exf3 Bf4
16. Bc3 Be5 17. a6 Bxc3+ 18. Qxc3 d4 19. Qd2 Bc8 20. O-O-O g5 21. Kb2 21... Nd7
{...} 1-0

[Event "C.to Provinciale NA"]
[Site "Napoli ITA"]
[Date "2012.02.02"]
[Round "7"]
[White "Angelotti, Mario"]
[Black "Di Gennaro, Antonio"]
[Result "1/2-1/2"]
[WhiteElo "1792"]
[BlackElo "1674"]
[PlyCount "100"]
[EventDate "2011.12.15"]

1. d4 d5 2. c4 e6 3. Nc3 c6 4. e4 dxe4 5. Nxe4 Bb4+ 6. Nc3 Nf6 7. Bg5 h6 8. Bh4
g5 9. Bg3 Ne4 10. Qd3 Nxg3 11. hxg3 Nd7 12. O-O-O Qf6 13. Ne4 Qg7 14. c5 Ba5
15. Nd6+ Kd8 16. Nf3 f6 17. Be2 Bc7 18. Nc4 b5 19. Ne3 a5 20. Qc2 a4 21. d5
exd5 22. Nd4 Nb8 23. Bg4 Be5 24. Bxc8 Bxd4 25. Nf5 Qf8 26. Nxd4 Kxc8 27. Qf5+
Nd7 28. Ne6 Qe7 29. Kb1 Kb7 30. Rhe1 Qh7 31. g4 Qxf5+ 32. gxf5 h5 33. b4 axb3
34. axb3 Ra3 35. Kb2 Rha8 36. Ra1 Rxa1 37. Rxa1 Rxa1 38. Kxa1 Ka6 39. b4 h4 40.
f3 Ne5 41. Nd4 Nc4 42. Nxc6 Ne3 43. Nb8+ Kb7 44. Nd7 Nxg2 45. Nxf6 h3 46. Ng4
Ne3 47. f6 Nxg4 48. f7 h2 49. f8=Q h1=Q+ 50. Ka2 Qg2+ 1/2-1/2

[Event "C.to Provinciale NA"]
[Site "Napoli ITA"]
[Date "2012.02.02"]
[Round "7"]
[White "Esposito, Rosario"]
[Black "Somma, Andrea"]
[Result "1/2-1/2"]
[WhiteElo "1859"]
[BlackElo "1771"]
[PlyCount "51"]
[EventDate "2011.12.15"]

1. d4 d5 2. c4 c6 3. Nf3 Nf6 4. Nc3 e6 5. Bg5 Nbd7 6. e3 Qa5 7. Nd2 Bb4 8. Qc2
O-O 9. c5 e5 10. Nb3 Qc7 11. Bd3 exd4 12. exd4 Re8+ 13. Be3 Ng4 14. O-O-O Bxc3
15. Qxc3 g6 16. Rde1 Nxe3 17. fxe3 Nf6 18. h3 b5 19. Nd2 a5 20. Rhf1 Ne4 21.
Bxe4 dxe4 22. Rf4 f5 23. Qc2 a4 24. g4 Qf7 25. a3 Qd5 26. gxf5 1/2-1/2

[Event "C.to Provinciale NA"]
[Site "Napoli ITA"]
[Date "2012.02.02"]
[Round "7"]
[White "Gallina, Giacomo"]
[Black "Miccoli, Livio"]
[Result "1-0"]
[WhiteElo "1697"]
[BlackElo "1670"]
[PlyCount "113"]
[EventDate "2011.12.15"]

1. e4 e6 2. d3 c5 3. g3 Nc6 4. Bg2 d6 5. Nf3 Nf6 6. O-O g6 7. Re1 Bg7 8. Nbd2
O-O 9. Nf1 Bd7 10. h4 Rb8 11. N1h2 Qc7 12. c3 b5 13. g4 Rfd8 14. g5 Nh5 15. Ng4
Ne5 16. Nfxe5 dxe5 17. Nh6+ Kf8 18. Ng4 Bc6 19. Qf3 Rd7 20. Be3 Bb7 21. Rad1
Rbd8 22. Nf6 Bxf6 23. gxf6 Nf4 24. Bxf4 exf4 25. h5 Qe5 26. hxg6 fxg6 27. Qh3
Qxf6 28. Qh6+ Kg8 29. a3 e5 30. Bf1 a6 31. f3 Qf7 32. Rd2 c4 33. d4 exd4 34. e5
Qf8 35. Qh3 d3 36. Qe6+ Qf7 37. Bh3 Re7 38. Qb6 Rde8 39. Qd4 g5 40. Bg4 h5 41.
e6 Qg6 42. Rh2 Rh7 43. Bh3 Bxf3 44. Bg2 Bxg2 45. Rxg2 g4 46. Qxf4 Rxe6 47. Qb8+
Kg7 48. Qc7+ Kh6 49. Qf4+ Kg7 50. Qd4+ Rf6 51. Re7+ Kh6 52. Qe3+ Qg5 53. Rxh7+
Kxh7 54. Qxg5 Rg6 55. Qxh5+ Kg7 56. Qe5+ Kh6 57. Rh2# 1-0

[Event "C.to Provinciale NA"]
[Site "Napoli ITA"]
[Date "2012.02.02"]
[Round "7"]
[White "Messina, Enrico"]
[Black "Caiazzo, Diego"]
[Result "1-0"]
[WhiteElo "2125"]
[BlackElo "1856"]
[PlyCount "137"]
[EventDate "2011.12.15"]

1. e4 e6 2. Nf3 d5 3. e5 Bd7 4. a3 a5 5. d4 c5 6. Nc3 c4 7. g3 b5 8. Bg2 Na6 9.
O-O Ne7 10. Ne2 Nf5 11. g4 Nh4 12. Ng3 Nxg2 13. Kxg2 Be7 14. Kh1 Nc7 15. Nh5
Rg8 16. g5 b4 17. axb4 axb4 18. Be3 Bc6 19. Rg1 Rxa1 20. Qxa1 Qa8 21. Qb1 Kd7
22. h4 Nb5 23. Kh2 c3 24. b3 Na3 25. Qd1 Bb5 26. Ne1 Qa6 27. Ng3 g6 28. Qf3 Ke8
29. Rh1 Nb1 30. Kg1 Qa2 31. Qd1 Na3 32. Kg2 Qb1 33. Qxb1 Nxb1 34. Ne2 Na3 35.
Nf4 Kd7 36. Bc1 Ra8 37. Kg3 Nb1 38. Nfd3 Ra2 39. f4 Na3 40. Rh2 Ra1 41. h5 Bxd3
42. Nxd3 gxh5 43. Kf3 Ra2 44. Ne1 Nb5 45. Be3 Ra1 46. Ke2 Ra2 47. Rxh5 Na3 48.
Kd3 Ra1 49. Ke2 Ra2 50. Kd1 Ra1+ 51. Bc1 Nb5 52. Nf3 Ra8 53. Rxh7 Rf8 54. Be3
Ke8 55. Ke2 Na3 56. Kd3 Rg8 57. Nh2 Bf8 58. Ng4 Rg7 59. Rh8 Ke7 60. Bf2 Nb1 61.
g6 fxg6 62. Bh4+ Ke8 63. Nf6+ Kf7 64. Bg5 Be7 65. Rb8 Bxf6 66. Bxf6 Rh7 67.
Rb7+ Kg8 68. Rxh7 Kxh7 69. Be7 1-0

[Event "C.to Provinciale NA"]
[Site "Napoli ITA"]
[Date "2012.02.02"]
[Round "7"]
[White "Sgammato, Francesco"]
[Black "La Sala, Alberto"]
[Result "1/2-1/2"]
[WhiteElo "1718"]
[BlackElo "2023"]
[PlyCount "78"]
[EventDate "2011.12.15"]

1. c4 Nf6 2. Nf3 d5 3. cxd5 Qxd5 4. Nc3 Qd8 5. g3 g6 6. Bg2 Bg7 7. O-O O-O 8.
d4 c6 9. Bg5 Nd5 10. e4 Nxc3 11. bxc3 c5 12. Qd2 Re8 13. Rfd1 Nc6 14. Rab1 Qa5
15. Be3 b6 16. Qb2 Ba6 17. e5 Rab8 18. Ng5 Bb7 19. Qb3 e6 20. Ne4 cxd4 21. cxd4
Ne7 22. Nf6+ Bxf6 23. exf6 Bxg2 24. fxe7 Bd5 25. Qd3 Rxe7 26. Bg5 Be4 27. Qxe4
Qxg5 28. d5 exd5 29. Qxd5 Qxd5 30. Rxd5 Re2 31. a4 Kg7 32. Rd7 a6 33. Ra7 a5
34. Ra1 Kf6 35. Ra3 Re5 36. Rb3 Ke6 37. Kg2 b5 38. Ra6+ Kd7 39. Rxa5 Kc6
1/2-1/2

[Event "C.to Provinciale NA"]
[Site "Napoli ITA"]
[Date "2012.02.02"]
[Round "7"]
[White "Supino, Domenico"]
[Black "Esposito, Luca"]
[Result "0-1"]
[WhiteElo "2097"]
[BlackElo "2234"]
[PlyCount "148"]
[EventDate "2011.12.15"]

1. e4 c5 2. Nf3 e6 3. d4 cxd4 4. Nxd4 Nc6 5. Nc3 Qc7 6. Be3 a6 7. Be2 Nf6 8.
O-O b5 9. Nxc6 dxc6 10. Bf3 e5 11. Qe2 Be6 12. Rfd1 Be7 13. b3 O-O 14. Nb1 Rfd8
15. Nd2 Bb4 16. c4 Qa5 17. Nf1 bxc4 18. bxc4 Rd7 19. Rxd7 Nxd7 20. Bg4 Nf8 21.
Bxe6 Nxe6 22. Rd1 Rd8 23. Rxd8+ Qxd8 24. Qb2 Qa5 25. h3 f6 26. Ng3 Qa3 27. Qxa3
Bxa3 28. Ne2 Kf7 29. Kf1 Ke7 30. Ke1 Kd6 31. Kd2 Bb2 32. Kd3 a5 33. f3 a4 34.
h4 h5 35. Ba7 c5 36. Bb6 Bd4 37. g4 hxg4 38. fxg4 Bf2 39. Nc3 Bxh4 40. Nxa4 Be1
41. a3 Kc6 42. Ke2 Bh4 43. Ba5 Bg5 44. Be1 Bc1 45. Bf2 Nf4+ 46. Kf3 Bxa3 47.
Nc3 Nd3 48. Nd1 Bc1 49. Ke2 Nf4+ 50. Kf3 Ne6 51. Bh4 Nd4+ 52. Kf2 Bd2 53. Nb2
Be1+ 54. Kxe1 Nf3+ 55. Kf2 Nxh4 56. Kg3 g5 57. Nd1 Ng6 58. Ne3 Kd6 59. Nd5 Ke6
60. Nc7+ Ke7 61. Nd5+ Kf7 62. Nc7 Nf4 63. Na6 Ne6 64. Nb8 Ke7 65. Nc6+ Kd6 66.
Na5 Kc7 67. Nb3 Kb6 68. Kf2 Nd4 69. Nd2 Ka5 70. Ke3 Kb4 71. Kd3 Ne6 72. Kc2 Nf4
73. Kb2 Nd3+ 74. Kc2 Nf2 0-1

[Event "C.to Provinciale NA"]
[Site "Napoli ITA"]
[Date "2012.02.02"]
[Round "7"]
[White "Taurisano, Vincenzo"]
[Black "Schiappoli, Dario"]
[Result "0-1"]
[WhiteElo "1898"]
[BlackElo "1942"]
[PlyCount "36"]
[EventDate "2011.12.15"]

1. d4 Nf6 2. c4 e5 3. dxe5 Ng4 4. Nf3 Bc5 5. e3 Nc6 6. Nc3 Ncxe5 7. Nxe5 Nxe5
8. e4 d6 9. Be2 Qh4 10. O-O h5 11. g3 Qh3 12. Bg5 Ng4 13. Bxg4 hxg4 14. Bh4
Rxh4 15. gxh4 g3 16. hxg3 Qxg3+ 17. Kh1 Qh3+ 18. Kg1 Bg4 0-1

[Event "C.to Provinciale NA"]
[Site "Napoli ITA"]
[Date "2012.02.02"]
[Round "7"]
[White "Zinnai, Graziano Matteo"]
[Black "De Rosa, Francesco"]
[Result "1-0"]
[WhiteElo "1937"]
[BlackElo "1968"]
[PlyCount "81"]
[EventDate "2011.12.15"]

1. e4 c5 2. Nf3 Nc6 3. d3 g6 4. c3 Bg7 5. g3 d5 6. Nbd2 e5 7. Bg2 Nge7 8. O-O
O-O 9. Re1 d4 10. Nb3 Qd6 11. cxd4 Nxd4 12. Nbxd4 cxd4 13. Bd2 Nc6 14. Nh4 Qe7
15. Qa4 a5 16. a3 Be6 17. Rac1 f6 18. f4 Bh6 19. Qd1 Qf7 20. f5 Bb3 21. Qe2
Bxd2 22. Qxd2 g5 23. Nf3 Rfc8 24. Qe2 Rc7 25. Nd2 Rac8 26. Nxb3 Qxb3 27. Qd2 b5
28. Bf3 a4 29. Bd1 Qf7 30. b3 axb3 31. Rb1 Qe7 32. Bxb3+ Kg7 33. Be6 Ra8 34.
Rxb5 Rxa3 35. Rc1 Nd8 36. Rxc7 Qxc7 37. Bc4 Qa7 38. Qb4 Rc3 39. Ra5 Qc7 40. Qa4
Kh6 41. Ra6 1-0